00509nam a2200193 a 4500001001300000003000900013005001700022008004100039020002300080082001300103100001800116245005000134260004600184300000900230500003500239505001000274650001300284700001800297nice12345678IN_TiNIC20260116013013.0050524s1973 lona grp 000 0 eng  a0040053 c10000a200bCAR aCarlton, Eric aPatterns of Belief 2b Religions in Sociejty. aLondonbGeorge Allen and Unwin Ltd c1973 a140p aincludes index and biblioraphy2 aIndex aReligion1 aCarlton, Eric